| 000 | 00513nam a22001817a 4500 | ||
|---|---|---|---|
| 005 | 20150319162956.0 | ||
| 010 | _aENG-112186 | ||
| 020 |
_a9789350098110 _c350.00 |
||
| 035 | _aEN-95718 | ||
| 037 | _bDBAD/PUB | ||
| 082 | _aN | ||
| 100 | _aNayak, Umanath | ||
| 245 |
_aFatal margin / _cby Umanath Nayak |
||
| 260 |
_aGurgaon _bHachette Book Publishing _c2014 |
||
| 270 |
_a4th & 5th Floor, Corporate Centre, Plot No.94, Sector -44 _bGurgaon _e122003 |
||
| 300 |
_a248p. _c21cm(pbk) |
||
| 942 |
_2ddc _cEN _mNAY _hN |
||
| 999 |
_c91481 _d91481 |
||